Normal view
MARC view
Entry Topical Term
001 - CONTROL NUMBER
- control field: 4051
003 - CONTROL NUMBER IDENTIFIER
- control field: BD-RjUL
005 - DATE AND TIME OF LATEST TRANSACTION
- control field: 20220720141936.0
008 - FIXED-LENGTH DATA ELEMENTS
- fixed length control field: 220720|| aca||aabn | a|a d
040 ## - CATALOGING SOURCE
- Original cataloging agency: BD-RjUL
- Transcribing agency: BD-RjUL
150 ## - HEADING--TOPICAL TERM
- Topical term or geographic name entry element: Non-governmental organizations
- Geographic subdivision: Bangladesh
- Geographic subdivision: Jessore District
670 ## - SOURCE DATA FOUND
- Source citation: Work cat.: (BD-RjUL)79461: Biswas, Ashok Kumar 1593, Impact of Poverty Alleviation Programs on Environment :, 2003